000 00315nam a2200121Ia 4500
008 220216s9999 xx 000 0 und d
100 _aGeorge C M
245 0 _aCan India lead the way in rubber-based industrialisation ?
260 _bRubber Asia
_c2004
300 _a97-98
650 _aRubber market
942 _cJS
999 _c55058
_d55058